01364nam a2200301Ia 45000010005000000080041000050200018000460400008000640410008000720430010000802450042000902600032001322620015001643000037001795000033002165200506002496500039007556500029007946500023008236500027008466500019008737000034008929020008009269050006009349420011009409520096009519990015010472601230305s9999 xx 000 0 und d a9781729136515 ctbs aeng aen_UK 0aSocial media marketing for the future b[Publisher not identified], bNULLaNULL a109 pages : illustratons ; 23 cm astrategies for 2020 & beyond aSocial media marketing is not an option anymore. Your customers--no matter who they are--expect you to reach them the way they communicate. The vast majority of companies have inadequate social media marketing strategies. Most companies are playing catch-up with current digital marketing trends and their strategies will be outdated by the time the company has mastered them. To successfully market on social media, you need to be prepared for the future. Social media changes rapidly and frequently. aInternet in public relations99547 0aInternet marketing91133 0aSocial media91729 0aPublic relations92442 0aBusiness94291 aFord, James E.eAuthor922087 a695 am a12ddc 00102ddc4070aTBSbTBSc26d2019-06-21l0oHF5414 FORpB04773r2019-06-21w2023-03-05y1 c2508d2508